| 000 | 01098nam a22003017a 4500 | ||
|---|---|---|---|
| 001 | BR9904620 | ||
| 003 | BR-BrBNA | ||
| 005 | 20230928100521.0 | ||
| 007 | ta | ||
| 008 | 230509b bl.||||| |||| 00| 0 por d | ||
| 040 |
_aBR-BrBNA _bpor _cBiblioteca Nacional de Agricultura |
||
| 041 | _a(Por) | ||
| 072 | _aP10; E14 | ||
| 090 | _ P10 BR9904620 | ||
| 100 | 1 | _aHolz, E. | |
| 110 | 1 |
_aUniversidade Federal de Santa Catarina, Florianopolis (Brasil) _0Tese (Doutor em Engenharia de Producao) |
|
| 245 | 1 | _aEstrategias de equilibrio entre a busca de beneficios privados e os custos sociais gerados pelas unidades agricolas familiares; um metodo multicriterios de avaliacao e planejamento de microbacias hidrograficas | |
| 260 | 3 |
_aFlorianopolis, SC (Brasil): _c1999. |
|
| 300 | _av. 1-2 | ||
| 500 | _aBibliography p. 385-408; Summaries (Eng, Por); 97 illus.; 64 tables | ||
| 650 | _aDesenvolvimento Rural | ||
| 650 | _aMicrobacia | ||
| 650 | _aEcologia Vegetal | ||
| 650 | _aAgricultura Familiar | ||
| 650 | _aModelo Matematico | ||
| 909 |
_a202309 _bLucia _c55 _dLucia Elande |
||
| 942 | _cBK | ||
| 999 |
_c61643 _d61643 |
||